000
00244nam a22001217a 4500
003
SGT
082
_a
629.22
_b
BAB
100
_a
BABU, A.K.
245
_a
AUTOMOTIVE ENGINES
260
_a
NEW DELHI
_b
KBP
_c
2018
300
_a
288
942
_2
ddc
_c
BK
999
_c
21426
_d
21426